Περίθλαση μονοχρωματικής δέσμης φωτός από διαφράγματα διαφορετικής γεωμετρίας : πτυχιακή εργασία

Το φως έχει διττή υπόσταση. Άλλοτε συμπεριφέρεται ως ροή σωματιδίων και άλλοτε ως κύμα. Η θεωρία της περίθλασης μελετά τα φαινόμενα που δεν υπακούουν στις προβλέψεις της γεωμετρικής οπτικής αλλά ακολουθούν την κλασσική ηλεκτρομαγνητική θεωρία. Η παρούσα εργασία πραγματεύεται φαινόμενα περίθλασης σε...

Πλήρης περιγραφή

Αποθηκεύτηκε σε:
Λεπτομέρειες βιβλιογραφικής εγγραφής
Κύριος συγγραφέας: Λαζαρή, Εύη Ξ.
Συγγραφή απο Οργανισμό/Αρχή: Πανεπιστήμιο Αιγαίου. Σχολή Θετικών Επιστημών. Τμήμα Μαθηματικών
Μορφή: Thesis Βιβλίο
Γλώσσα:Greek
Δημοσίευση: 2011.
Θέματα:
Διαθέσιμο Online:http://hdl.handle.net/11610/7995
Ετικέτες: Προσθήκη ετικέτας
Δεν υπάρχουν, Καταχωρήστε ετικέτα πρώτοι!

MARC

LEADER 00000cam a2200000 i 4500
001 1/16148
008 111102s2011 gr | ||| |||| ||gre||
035 |l 10111251 
040 |a GR-MyUA  |b gre  |e AACR2 
041 0 |a gre 
082 0 |a 515.42   |2 (22) 
100 1 |a Λαζαρή, Εύη Ξ. 
245 1 0 |a Περίθλαση μονοχρωματικής δέσμης φωτός από διαφράγματα διαφορετικής γεωμετρίας :   |b πτυχιακή εργασία /   |c της Εύης Ξ. Λαζαρή ; επιβλέπων καθηγητής Αγαπητός Χατζηνικήτας.  
260 |c 2011.  
300 |a x, 90 σ. :   |b σχέδια ;   |c 30 εκ.  
502 |a Πτυχιακή εργασία – Πανεπιστήμιο Αιγαίου, Σάμος, 2011.  
504 |a Βιβλιογραφία: σ. 89.  
506 1 |a Διάθεση πλήρους κειμένου ;   |d Ενδοπανεπιστημιακή δημοσίευση.  
520 |a Το φως έχει διττή υπόσταση. Άλλοτε συμπεριφέρεται ως ροή σωματιδίων και άλλοτε ως κύμα. Η θεωρία της περίθλασης μελετά τα φαινόμενα που δεν υπακούουν στις προβλέψεις της γεωμετρικής οπτικής αλλά ακολουθούν την κλασσική ηλεκτρομαγνητική θεωρία. Η παρούσα εργασία πραγματεύεται φαινόμενα περίθλασης σε οπτικό σύστημα. Στην εργασία αυτή αρχικά γίνεται περιγραφή του φαινομένου της περίθλασης. Διερευνώνται προβλήματα με διάφραγμα που διαπερνάται από μία φωτεινή δέσμη με γνωστό ηλεκτρικό πεδίο και σκοπός είναι ο καθορισμός της φάσης και του πλάτους του πεδίου σε κάποια θέση παρατήρησης που βρίσκεται πίσω από το διάφραγμα. Γίνεται εκτενής αναφορά στην περίθλαση κατά Fresnel που αντιστοιχεί στην περίπτωση που η επιφάνεια παρατήρησης είναι κοντά στο διάφραγμα καθώς και την περίθλαση κατά Fraunhofer που αφορά την περίπτωση όπου η απόσταση του διαφράγματος από το επίπεδο παρατήρησης είναι πολύ μεγάλη. Σχετίζουμε την κατανομή του φωτός στο διάφραγμα, με την κατανομή του φωτός στο επίπεδο παρατήρησης με ένα απλό μετασχηματισμό Fourier ή εναλλακτικά θεωρούμε την περίθλαση σαν μία γραμμική διαδικασία και ορίζουμε μία συνάρτηση μεταφοράς που περιγράφει τη διάδοση από το διάφραγμα στο επίπεδο παρατήρησης. Επιπλέον μελετώνται εφαρμογές της περίθλασης κατά Fresnel και Fraunhofer από ορθογώνιο, κυκλικό και τετράγωνο διάφραγμα και απεικονίζονται γραφικά η ένταση της περιθλόμενης ακτινοβολίας συναρτήσει της απόστασης, όπως επίσης, και εικόνες περίθλασης με τη βοήθεια της Matlab.  
520 |a The light has a dual personality, sometimes behaves as a set of particles and sometimes as a wave. Diffraction Theory studies phenomena which follow the electromagnetic properties of light. The scope of the present thesis is to study diffraction phenomena in an optical system. In the context of this thesis a description of Diffraction is made. We investigate problems where a light beam with known electric field distribution passes through an aperture, to define the phase and amplitude of the field at an observation point behind the aperture. Furthermore, we extensively describe Fresnel diffraction regarding the case that the observation surface is near the aperture and also the Fraunhofer diffraction, when the distance of observation plane and the aperture is long. We relate the light distribution at the aperture with the light distribution at the observation plane, using simple Fourier Transforms or alternatively we consider diffraction as a linear operation and we define a transfer function that describes the propagation from the aperture to the observation plane. Additionally, we present Fresnel and Fraunhofer diffraction applications at rectangular, circular and square aperture and illustrate diagrams and graphs of diffraction patterns, using Matlab.  
540 |a Κλειδωμένη η δυνατότητα αντιγραφής (copy) του κειμένου.  
610 2 0 |a University of the Aegean  |x Dissertations. 
650 0 0 |a Diffraction gratings. 
650 0 0 |a Diffraction of light. 
650 0 0 |a Fourier transformations. 
650 0 0 |a Dissertations, Academic  |z Greece. 
700 1 |a Χατζηνικήτας, Αγαπητός,  |e dgs 
710 2 |a Πανεπιστήμιο Αιγαίου.   |b Σχολή Θετικών Επιστημών.   |b Τμήμα Μαθηματικών. 
852 |a INST  |b SAMOS  |c DIATR  |e 20111102  |h 535.42 ΛΑΖ  |p 005300032412  |q 005300032412  |t DIE  |y 23 
852 |a INST  |b SAMOS  |c DIATR  |e 20111102  |h 535.42 ΛΑΖ  |p 005300032413  |q 005300032413  |t DIE  |y 23 
856 |u http://hdl.handle.net/11610/7995 
901 |a BIBL3-2011-3 
909 |a Σ  |b 167400 
909 |a Σ  |b 167401 
924 |a ΛΑΖΑΡΗ  |b ΕΥΗ  |y Σάμος  |z 2011-09 
970 |a ΚΟΣΙΕΡΗΣ  |b ΧΡΗΣΤΟΣ  |z 2011/11/02